Nội các Trần Trọng Kim Bản chất, vai trò và vị trí lịch sử

Trình bày hoàn cảnh lịch sử, sự ra đời và hoạt động của Nội các Trần Trọng Kim; bản chất, vai trò và vị trí lịch sử của Nội các Trần Trọng Kim ; TM tài liệu tham khảo tr. 410 - 415

Shranjeno v:
Bibliografske podrobnosti
Glavni avtor: Phạm, Hồng Trung
Format: Knjiga
Jezik:Undetermined
Izdano: H. Đại học Quốc gia Hà Nội 2018
Teme:
Online dostop:http://lrc.tdmu.edu.vn/opac/search/detail.asp?aID=2&ID=32986
Oznake: Označite
Brez oznak, prvi označite!
Thư viện lưu trữ: Trung tâm Học liệu Trường Đại học Thủ Dầu Một
LEADER 01059nam a2200217Ia 4500
001 TDMU_32986
008 210410s9999 xx 000 0 und d
082 |a 530 
090 |b PH104 
100 |a Phạm, Hồng Trung 
245 0 |a Nội các Trần Trọng Kim 
245 0 |b Bản chất, vai trò và vị trí lịch sử 
245 0 |c Phạm Hồng Trung 
260 |a H. 
260 |b Đại học Quốc gia Hà Nội 
260 |c 2018 
300 |a 415 tr 
520 |a Trình bày hoàn cảnh lịch sử, sự ra đời và hoạt động của Nội các Trần Trọng Kim; bản chất, vai trò và vị trí lịch sử của Nội các Trần Trọng Kim ; TM tài liệu tham khảo tr. 410 - 415 
650 |a Lịch sử  |x Chính phủ Bảo Đại  |x Nội các Trần Trọng Kim  |x Kháng chiến chống Pháp  |z Việt Nam 
856 |u http://lrc.tdmu.edu.vn/opac/search/detail.asp?aID=2&ID=32986 
980 |a Trung tâm Học liệu Trường Đại học Thủ Dầu Một